90 secs Countries of the World: by Country-Capital initial - Statistics

General Stats
  • This quiz has been taken 3,205 times
  • The average score is 56 of 196
Answer Stats
COUNTRY % Correct
Sri Lanka
70%
South Africa
66%
Barbados
65%
Belgium
65%
Belize
65%
Brazil
65%
Brunei
65%
Burundi
65%
United States
64%
San Marino
59%
São Tomé and Príncipe
59%
Singapore
59%
South Korea
59%
Sweden
59%
Algeria
58%
Andorra
58%
Australia
58%
Argentina
56%
Azerbaijan
56%
United Kingdom
55%
Benin
54%
Central African Republic
53%
China
53%
Colombia
53%
Bolivia
51%
Botswana
51%
Gambia
51%
Germany
51%
Guinea-Bissau
51%
Maldives
51%
Marshall Islands
51%
Mexico
51%
Monaco
51%
Mozambique
51%
Netherlands
50%
Nigeria
50%
Canada
46%
Federated States of Micronesia
46%
France
46%
Macedonia
46%
Somalia
46%
Spain
46%
Swaziland
46%
Bosnia and Herzegovina
45%
Bulgaria
45%
Saint Kitts and Nevis
45%
Serbia
45%
Slovakia
45%
Switzerland
45%
Albania
44%
Morocco
44%
Russia
44%
Turkey
44%
Turkmenistan
44%
Iceland
43%
Italy
43%
Afghanistan
42%
Kazakhstan
42%
Ghana
37%
Greece
37%
Peru
37%
Portugal
37%
Antigua and Barbuda
36%
Austria
36%
Ireland
36%
Samoa
36%
Chile
35%
Costa Rica
35%
Saint Lucia
35%
Angola
34%
Japan
33%
Norway
33%
Madagascar
32%
Egypt
30%
Paraguay
30%
Guatemala
29%
Guyana
29%
Republic of the Congo
29%
Romania
29%
Suriname
28%
Finland
27%
Panama
27%
Papua New Guinea
27%
Denmark
26%
United Arab Emirates
26%
India
25%
Indonesia
25%
Israel
25%
Luxembourg
25%
Palau
25%
Taiwan
25%
Tunisia
25%
Eritrea
24%
Ethiopia
24%
Namibia
24%
New Zealand
24%
Vatican City
24%
Bahrain
23%
Belarus
23%
Djibouti
23%
El Salvador
23%
Iran
23%
Mali
23%
Bhutan
22%
Cambodia
22%
Cape Verde
22%
Czech Republic
22%
Hungary
22%
Thailand
22%
Cuba
21%
Mongolia
21%
Niger
21%
Poland
21%
Uganda
21%
Ukraine
21%
Uruguay
21%
Dominican Republic
20%
Estonia
20%
Jordan
20%
Laos
20%
Liechtenstein
20%
Lithuania
20%
Oman
20%
Saudi Arabia
20%
Senegal
20%
Syria
20%
Iraq
19%
Armenia
18%
Lebanon
18%
Bahamas
17%
Burma
17%
Burkina Faso
16%
Mauritania
16%
Nicaragua
16%
Slovenia
16%
Bangladesh
15%
Croatia
15%
Kuwait
15%
Latvia
15%
North Korea
15%
Venezuela
15%
Chad
14%
Cyprus
14%
Kiribati
14%
Mauritius
14%
Montenegro
14%
Philippines
14%
Saint Vincent and the Grenadines
14%
Sudan
14%
Yemen
14%
Comoros
13%
Ecuador
13%
Moldova
13%
South Sudan
13%
Equatorial Guinea
12%
Haiti
11%
Honduras
11%
Vietnam
11%
Democratic Republic of the Congo
10%
Fiji
10%
Jamaica
10%
Kenya
10%
Libya
10%
Nepal
10%
Sierra Leone
10%
Togo
10%
East Timor
9%
Pakistan
9%
Cameroon
8%
Côte d'Ivoire
8%
Kyrgyzstan
8%
Malaysia
8%
Solomon Islands
8%
Trinidad and Tobago
8%
Uzbekistan
8%
Zimbabwe
8%
Dominica
7%
Grenada
7%
Guinea
7%
Lesotho
7%
Liberia
7%
Malawi
7%
Qatar
7%
Georgia
6%
Malta
6%
Seychelles
6%
Kosovo
5%
Tajikistan
5%
Tanzania
5%
Zambia
5%
Rwanda
4%
Tonga
4%
Gabon
3%
Tuvalu
3%
Nauru
2%
Vanuatu
2%
No matching quizzes found
Score Distribution
Percent of People with Each Score
Percentile by Number Answered
Your Score History
You have not taken this quiz